| 000 | 01027cam a2200241 i 4500 | ||
|---|---|---|---|
| 999 |
_c57809 _d57809 |
||
| 001 | 18202998 | ||
| 005 | 20221108163902.0 | ||
| 008 | 140627s2017 ne a bf 001 0 eng | ||
| 020 | _a9789027257772 X | ||
| 041 | _aeng | ||
| 080 | _a81'374.8 H-22 | ||
| 245 | 0 | 0 |
_aHandbook of terminology / _cedited by Hendrik J. Kockaert, KU Leuven, University of the Free State ; Frieda Steurs, KU Leuven, University of the Free State, Université Catholique de L'Ouest. |
| 264 | 1 |
_aPhiladelphia : _bJohn Benjamins Publishing Company, _c2017. |
|
| 300 |
_a539 pages : _billustrations ; _c25 cm. |
||
| 490 | 0 |
_aHandbook of terminology, _x2352-1821 ; _vVolume 1 |
|
| 650 | 0 |
_aLanguage and languages _xTerminology. _99899 |
|
| 650 | 0 |
_aTerminology _vHandbooks, manuals, etc. _99900 |
|
| 653 | _a ენა და ენები | ||
| 653 | _aტერმინოლოგია | ||
| 700 | 1 |
_aKockaert, Hendrik, _eრედაქტორი _99901 |
|
| 700 | 1 |
_aSteurs, F. _q(Frieda) _eრედაქტორი _99902 |
|
| 942 |
_2udc _cBK |
||